LEADER 01182nam 2200397 450 001 9910480105103321 010 $a1-5275-0525-1 035 $a(CKB)4100000001039993 035 $a(MiAaPQ)EBC5123769 035 $a(EXLCZ)994100000001039993 100 $a20171205h20172017 uy 0 101 0 $aeng 135 $aurcnu|||||||| 181 $2rdacontent 182 $2rdamedia 183 $2rdacarrier 200 10$aRethinking philosophers' responsibility /$fby Lydia Amir 210 1$aNewcastle upon Tyne, England :$cCambridge Scholars Publishing,$d2017. 210 4$dİ2017 215 $a1 online resource (362 pages) $cillustrations 311 $a1-4438-9366-8 320 $aIncludes bibliographical references and index. 606 $aPhilosophers 606 $aPhilosophers$xProfessional ethics 608 $aElectronic books. 615 0$aPhilosophers. 615 0$aPhilosophers$xProfessional ethics. 676 $a109.2 700 $aAmir$b Lydia$0859260 801 0$bMiAaPQ 801 1$bMiAaPQ 801 2$bMiAaPQ 906 $aBOOK 912 $a9910480105103321 996 $aRethinking philosophers' responsibility$92116364 997 $aUNINA LEADER 01100nam a2200301|i 4500 001 991003959399707536 005 20030107144335.0 008 021008s1986 be u u grcuu 020 $a2503401511 035 $ab11888283-39ule_inst 035 $aEXGIL150253$9ExL 040 $aBiblioteca Interfacoltà$bita 082 0 $a230 100 1 $aPetit, François$0416901 245 10$aCatenae Graeca in Genesim et in Exodum /$cedita a François Petit 260 0 $aTurnhout :$bBrepols ; Leuven : University Press,$c1986 300 $av. ;$c26 cm. 490 0 $aCorpus Christianorum. Series Graeca ;$v15 500 $aContiene indici. 505 0 $aVol. 2. Collectio Coisliniana in Genesim 650 4$aPatristica 740 00$aCollectio Coisliniana in Genesim 907 $a.b11888283$b28-04-17$c07-01-03 912 $a991003959399707536 945 $aLE002 Patr. CCSG 015$g1$i2002000089342$lle002$o-$pE0.00$q-$rn$so $t0$u0$v0$w0$x0$y.i12145166$z07-01-03 996 $aCatenae Graeca in Genesim et in Exodum$9902357 997 $aUNISALENTO 998 $ale002$b01-01-02$cm$da $e-$fgrc$gbe $h0$i1